Viajes a través del espacio y del tiempo /

Guardado en:
Autor Principal: Sagan, Carl.
Formato: Deslizar
Series:Cosmos. Edición especial
Materias:
LUZ
Etiquetas: Agregar Etiqueta
Sin Etiquetas, Sea el primero en etiquetar este registro!
LEADER 00923ngm a22002775g 4500
001 CEM.cems021810
008 130507b1995##################0###0#####d
005 20240913165220.0
245 1 0 |a Viajes a través del espacio y del tiempo /  |c Carl Sagan. 
300 |a 27 
490 0 |a Cosmos. Edición especial 
500 |a En soporte VHS, consultar en ventanilla. 
505 0 |a Constelaciones. El "año luz". Las estrellas. Posibilidad de otros sistemas planetarios. 
538 |a Soporte: VHS - Norma: Pal N - Color - Grabación DRD 1995 - Hitachi=1570 
100 1 |a Sagan, Carl. 
082 5 2 |/ SAG-2 
653 |a ASTRONOMIA 
653 |a CONSTELACIONES 
653 |a ESTRELLAS 
653 |a VELOCIDAD DE LA LUZ 
653 |a LUZ 
653 |a AÑO LUZ 
653 |a PLANETAS 
653 |a SISTEMAS PLANETARIOS 
653 |a NIVEL SECUNDARIO 
859 |a CEMS  |b BIB. CEMS - Depto. Recursos Didacticos  |h 520  |i SAG-2  |k DRD  |p 453.12  |t Ej.1